1969 Number Theory Institute /
Guardado en:
| Autores Corporativos: | , |
|---|---|
| Otros Autores: | |
| Formato: | Libro |
| Idioma: | English |
| Publicado: |
Providence, R.I. :
American Mathematical Society,
1971.
|
| Series: | Proceedings of symposia in pure mathematics ;
v. 20 |
| Materias: | |
| Etiquetas: |
Agregar Etiqueta
Sin Etiquetas, Sea el primero en etiquetar este registro!
|
| LEADER | 03052cam a2200301 a 4500 | ||
|---|---|---|---|
| 001 | MAT.inmabb003432 | ||
| 008 | 710520s1971####riuc#####b####101#0#eng## | ||
| 005 | 20051118162105.0 | ||
| 245 | 0 | 0 | |a 1969 Number Theory Institute / |c [Donald J. Lewis, editor]. |
| 246 | 1 | 8 | |a Institute on Number Theory |
| 260 | |a Providence, R.I. : |b American Mathematical Society, |c 1971. | ||
| 300 | |a xiii, 451 p. : |b retrs. ; |c 26 cm. | ||
| 440 | 0 | |a Proceedings of symposia in pure mathematics ; |v v. 20 | |
| 500 | |a "Proceedings of the 1969 Summer Institute on Number Theory: Analytic Number Theory, Diophantine Problems, and Algebraic Number Theory; held at the State University of New York at Stony Brook, Stony Brook, Long Island, New York, July 7-Aug. 1, 1969". | ||
| 500 | |a Incluye fotografías de los participantes. | ||
| 504 | |a Incluye referencias bibliográficas e índices. | ||
| 505 | 0 | |a H. P. F. Swinnnerton-Dyer, Applications of algebraic geometry to number theory -- W. C. Waterhouse and J. S. Milne. Abelian varieties over finite fields -- Nicholas M. Katz, Introduction aux travaux récents de Dwork -- O. T. O'Meara, The integral classical groups and their automorphisms -- Kenkichi Iwasawa, Skew-symmetric forms for number fields (p. 86); B. J. Birch, $K_2$ of global fields -- Yukiyosi Kawada, Class formations -- J. A. Shalika, Some conjectures in class field theory -- Thomas Storer, Extensions of cyclotomic theory -- A. Schinzel, Reducibility of lacunary polynomials -- A. Pfister, Quadratic forms over fields -- James Ax, A metamathematical approach to some problems in number theory -- Julia Robinson, Notes on Matijasevi v c's solution of Hilbert's tenth problem -- Alan Baker, Effective methods in Diophantine problems -- James Ax, On Schanuel's conjectures and Skolem's method -- Eduard Wirsing, On approximations of algebraic numbers by algebraic numbers of bounded degree -- Kurt Mahler, Lectures on transcendental numbers -- Wolfgang M. Schmidt, Mahler's $T$-numbers -- H.-E. Richert, Selberg's sieve with weights -- Atle Selberg, Sieve methods -- Enrico Bombieri, Density theorems for the zeta function -- Paul Turán, On some recent results in the analytical theory of numbers -- Eduard Wirsing, Characterization of the logarithm as an additive function -- Tomio Kubota, Some results concerning reciprocity law and real analytic automorphic functions -- B. J. Birch, Elliptic curves over $Q$: A progress report -- H. M. Stark, Recent advances in determining all complex quadratic fields of a given class-number -- Daniel Shanks, Class number, a theory of factorization, and genera. | |
| 510 | 4 | |a MR, |c 47 #3286 | |
| 020 | |a 0821814206 | ||
| 111 | 2 | |a Number Theory Institute |d (1969 : |c State University of New York at Stony Brook) | |
| 700 | 1 | |a Lewis, Donald J. |4 edt | |
| 710 | 2 | |a American Mathematical Society. | |
| 650 | 0 | |a Number theory |x Congresses. | |
| 650 | 0 | |a Algebraic number theory |x Congresses. | |
| 084 | |a 11-06 |2 msc2000 | ||
| 010 | |a 76125938 | ||
| 040 | |a DLC |c DLC |d DLC | ||
| 859 | |h B-686 |i PSPM |k H |p PSPM-20 |v 20 |b BIB. MATEMATICA | ||
